| 000 | 00482cam a22001931 4500 | ||
|---|---|---|---|
| 001 | 1697192 | ||
| 005 | 20180228033353.0 | ||
| 008 | 711020s1966 nyua 000 0 eng | ||
| 010 | _a 66015789 | ||
| 040 |
_aDLC _cDLC _dDLC |
||
| 041 | _aeng | ||
| 080 | _a641.563 JEA | ||
| 082 | 0 | 0 | _a641.563 JEA |
| 100 | 1 | _a9 | |
| 101 | _aNUT | ||
| 245 | 1 | 0 |
_aWeight Watchers cook book. _cDrawings by Ivy Bottini. |
| 906 |
_a7 _bcbc _corignew _du _eocip _f19 _gy-gencatlg |
||
| 942 |
_2ddc _cBK |
||
| 999 |
_c43672 _d43672 |
||